000 00566nam a22001817a 4500
999 _c169426
_d169426
005 20191119161713.0
010 _aENG-126928
020 _c399.00
_a9789389231090
035 _aEN-110460
037 _bDBAD/PUB
082 _aS
100 _aVerghese, Namrata
245 _aThe juvenile immigrant :
_cby Namrata Verghese
_bIndian stories from America /
260 _aNew Delhi
_bSpeaking Tiger Publishing
_c2019
270 _a4381/4, Ansari Road,
_e110002
_bDaryaganj,New Delhi
_mcontact@zubaanbooks.com
300 _a169p.
_c19cm(pbk)
942 _2ddc
_cEN
_hS
_mVER